|
|
|
|
| LEADER |
00000nas a2200000 a 4500 |
| 001 |
ssj0002311 |
| 003 |
WaSeSS |
| 005 |
20200512172242.0 |
| 006 |
m d |
| 007 |
cr n |
| 008 |
000508c19819999enkmx pss 0 0eng c |
| 010 |
|
|
|a 2006264521
|
| 015 |
|
|
|a GBA602984
|2 bnb
|
| 016 |
7 |
|
|a 013352144
|2 Uk
|
| 016 |
7 |
|
|a 2008289 7
|2 DE-600
|
| 022 |
|
|
|a 1469-5820
|l 0144-3410
|y 0144-3410
|
| 035 |
|
|
|a (WaSeSS)ssj0002311
|
| 040 |
|
|
|a F#A
|b eng
|c F#A
|d OCLCQ
|d MUQ
|d OCLCQ
|d OCL
|d TXH
|d OCLCQ
|d SBH
|d OCLCQ
|d OCLCF
|d CHVBK
|d OCLCQ
|d OCLCO
|d OCLCQ
|d DLC
|d BUF
|d UKMGB
|d VT2
|d U3W
|d SFB
|d CNMTR
|d WaSeSS
|
| 042 |
|
|
|a pcc
|
| 050 |
0 |
0 |
|a LB1051
|
| 082 |
0 |
4 |
|a 370.15
|
| 130 |
0 |
|
|a Educational psychology (Online)
|
| 245 |
1 |
0 |
|a Educational psychology
|h [electronic resource].
|
| 260 |
|
|
|a [Abingdon, Oxfordshire] :
|b Routledge
|
| 310 |
|
|
|a Ten issues per year,
|b <2016->
|
| 321 |
|
|
|a Six issues per year,
|b 2004-
|
| 321 |
|
|
|a 5 issues per year,
|b 2002-2003
|
| 321 |
|
|
|a Quarterly,
|b -2001
|
| 362 |
1 |
|
|a Print began with vol. 1, no. 1 (1981).
|
| 506 |
|
|
|a License restrictions may limit access.
|
| 538 |
|
|
|a Mode of access: World Wide Web.
|
| 588 |
|
|
|a Description based on: Vol. 20, no. 1 (Mar. 2000); title from table of contents screen (Taylor & Francis, viewed Jan. 31, 2006).
|
| 588 |
|
|
|a Latest issue consulted: Vol. 38, issue 1 (2018) (Taylor & Francis Online, viewed December 15, 2017).
|
| 650 |
|
0 |
|a Educational psychology
|v Periodicals.
|
| 650 |
|
6 |
|a Psychopédagogie
|v Périodiques.
|
| 650 |
|
7 |
|a Educational psychology.
|2 fast
|0 (OCoLC)fst00903571
|
| 650 |
|
2 |
|a Psychology, Educational
|v Periodicals.
|
| 655 |
|
0 |
|a Electronic journals.
|
| 776 |
0 |
8 |
|i Print version:
|t Educational psychology
|x 0144-3410
|w (DLC) 81642074
|w (OCoLC)7530248
|
| 850 |
|
|
|a DLC
|
| 856 |
4 |
0 |
|z Full text available from Research Library: 09/01/1997 to 09/30/2000
|u https://search.proquest.com/publication/33176
|